| 000 | 00503nam a2200193Ia 4500 | ||
|---|---|---|---|
| 003 | OSt | ||
| 005 | 20230506165816.0 | ||
| 008 | 210423s1999 xx 000 0 und d | ||
| 040 | _cAL | ||
| 041 | _aeng | ||
| 082 |
_a303.4 _223 _bSHAS |
||
| 100 |
_aSHARMA (K L). _999536 |
||
| 245 | _aSocial stratifications in India. | ||
| 260 |
_aNew Delhi _bSage Publications _c1999 |
||
| 365 |
_b375 _cINR |
||
| 650 |
_aSocial Processes _999537 |
||
| 906 | _aindia. ; Social ; stratifications | ||
| 942 |
_2ddc _cBK |
||
| 999 |
_c171430 _d171430 |
||